000 00938naa a22002657a 4500
001 BR7400527
003 BR-BrBNA
005 20240918173549.0
007 ta
008 230509b bl.||||| |||| 00| 0 por d
040 _aBR-BrBNA
_bpor
_cBiblioteca Nacional de Agricultura
041 _a(Pt)
072 _aE70; F00
_b2120
_bG514
090 _aE70 BR7400527
100 1 _aBegazzo, J.C.E.O.
245 1 _aA cafeicultura no Brasil
260 3 _aVicosa, MG (Brasil):
_c1970.
500 _aCursos de capacitacao de tecnicos para a campanha de erradicacao da ferrugem do cafeeiro Vicosa, MG (Brasil): 1970. v. 1 p. 15-35 (BR7400527-AM)E70
650 _aCAFE
650 _aMERCADO
650 _aEXPORTACAO
773 0 _tCursos de capacitacao de tecnicos para a campanha de erradicacao da ferrugem do cafeeiro
_wE70 BR7400527
_gVicosa, MG (Brasil), 1970. v. 1 p. 15-35
909 _a202404
_bLucia
_c55
_dLucia Elande
942 _cAM
_2AGRIS
999 _c305432
_d305432